01148nam0a22002651 4500001001100000005001700011021001900028035002600047100004100073101000800114102000700122105001800129200010900147210007600256215002700332300010900359320005000468516007800518606004400596606012100640700006200761801001800823801002200841852001900863rc\477985920250613082514.0 aRUb[68-15053] a(NLR Aleph) 009028371 a20130417d1968 |||y0rusy50 ca0 arus aRU aa z |||||1 aОсновы информационной теории измерительных устройств aЛенинградcЭнергия. Ленингр. отд-ниеd1968 a248 с.cчерт.d22 aНа корешке загл.: Основы теории измерительных устройств aБиблиогр.: с. 243-245 (59 назв.)0 aОсновы теории измерительных устройств aИнформации теория2psbo aЭлектроизмерительные приборыxМатематические исследования2psbo 1aНовицкийbП.В.gПетр Васильевич 0aRUbNLRgpsbo 1aRUbELAR2rusmarc aNLRj68-5/1482